Statistics for Lauv - Modern Loneliness Lyrics

Click here to take the quiz!

General Stats

  • This quiz has been taken 99 times
  • The average score is 294 of 345

Answer Stats

Lyric% Correct
a
100%
I
100%
and
98%
And
98%
loneliness
98%
Modern
98%
the
98%
The
98%
to
98%
you
98%
You
98%
but
96%
But
96%
I've
94%
love
94%
Love
94%
my
94%
we
94%
We
94%
alone
92%
Been
92%
been
92%
La
92%
me
92%
never
92%
Then
92%
always
90%
depressed
90%
he
90%
thinking
90%
we're
90%
about
88%
call
88%
down
88%
Down
88%
father
88%
get
88%
in
88%
In
88%
lately
88%
So
88%
so
88%
that
88%
become
86%
friends
86%
made
86%
person
86%
text
86%
da
84%
don't
84%
high
84%
how
84%
trying
84%
death
82%
for
82%
I'm
82%
know
82%
this
82%
what
82%
yeah
80%
come
78%
di
76%
all
74%
empty
74%
find
74%
is
74%
some
74%
up
74%
reason
72%
still
72%
fuck
70%
heart
70%
of
70%
closet
68%
give
68%
bedroom
66%
fill
66%
use
66%
baggage
64%
could
64%
dark
64%
them
64%
stuff
62%
shit
50%
demons
46%
If
46%
problems
44%
rid
42%
solve
42%
wouldn't
42%
DNA
40%
pieces
40%
soul
38%
world
36%
with
34%
cleanse
32%
here
32%
break
28%
left
22%

Score Distribution

Percentile by Number Answered

Percent of People with Each Score

Your Score History

You have not taken this quiz